000 00289nam a2200109Ia 4500
008 171205s9999 xx 000 0 und d
020 _a9781138911550
100 _aLichtenstein, Peter M.
245 _aTheories of International Economics
260 _bRoutledge
_c2016
300 _a318 pages
999 _c347412
_d347412